Christology : (Record no. 8452)

MARC details
000 -LEADER
fixed length control field 01014nam a22002177a 4500
003 - CONTROL NUMBER IDENTIFIER
control field GBCCL
005 - DATE AND TIME OF LATEST TRANSACTION
control field 20241126110651.0
008 - FIXED-LENGTH DATA ELEMENTS--GENERAL INFORMATION
fixed length control field 210219b ||||| |||| 00| 0 eng d
020 ## - INTERNATIONAL STANDARD BOOK NUMBER
International Standard Book Number 9781481302562 (hardback : alk. paper)
040 ## - CATALOGING SOURCE
Transcribing agency gbc
082 ## - DEWEY DECIMAL CLASSIFICATION NUMBER
Classification number 232
Item number OCO
100 ## - MAIN ENTRY--PERSONAL NAME
Personal name O'Collins, Gerald.
9 (RLIN) 14817
245 ## - TITLE STATEMENT
Title Christology :
Remainder of title origins, developments, debates /
Statement of responsibility, etc. Gerald O'Collins, SJ.
260 ## - PUBLICATION, DISTRIBUTION, ETC.
Place of publication, distribution, etc. Waco, Texas :
Name of publisher, distributor, etc. Baylor University Press,
Date of publication, distribution, etc. [2015]
300 ## - PHYSICAL DESCRIPTION
Extent viii, 208 pages ;
Other physical details 24 cm
504 ## - BIBLIOGRAPHY, ETC. NOTE
Bibliography, etc. note Includes bibliographical references and index.
505 ## - FORMATTED CONTENTS NOTE
Formatted contents note Christology : the last fifty years -- Revisiting the person of Jesus -- Revisiting the work of Jesus -- Paul as a witness to the risen Jesus -- Peter as witness to easter -- The priesthood of Christ and followers of other faiths -- Jacques Dupuis and religious pluralism -- Jacques Dupuis and Karl Rahner.
650 ## - SUBJECT ADDED ENTRY--TOPICAL TERM
Topical term or geographic name entry element Jesus Christ
Form subdivision Person and offices.
9 (RLIN) 10283
650 ## - SUBJECT ADDED ENTRY--TOPICAL TERM
Topical term or geographic name entry element Jesus Christ
Form subdivision History of doctrines.
9 (RLIN) 14818
942 ## - ADDED ENTRY ELEMENTS (KOHA)
Source of classification or shelving scheme Dewey Decimal Classification
Koha item type Books
Koha issues (borrowed), all copies 6
Holdings
Withdrawn status Lost status Source of classification or shelving scheme Damaged status Not for loan Home library Current Library Shelving location Date acquired Total checkouts Full call number Barcode Date last seen Date last checked out Copy number Price effective from Koha item type
    Dewey Decimal Classification     GRACE BIBLE COLLEGE GRACE BIBLE COLLEGE Theology 2021-02-19 2 232 OCO 020080 2025-05-01 2024-07-19 c.1 2021-02-19 Books
    Dewey Decimal Classification     GRACE BIBLE COLLEGE GRACE BIBLE COLLEGE Theology 2021-02-19 5 232 OCO 020081 2026-02-11 2026-02-04 c.2 2021-02-19 Books
© Grace Bible College Library 2025